Ciencias sociales: américa en el mundo contemporáneo /

Guardado en:
Autor Principal: Alonso, María Ernestina
Otros Autores: Elisalde, Roberto, Vázquez, Enrique, Blanco, Jorge
Formato: Libro
Publicado: Buenos Aires : Aique , 1998
Edición:2a. ed.
Series:Sociedades y territorios en cambio
Materias:
Etiquetas: Agregar Etiqueta
Sin Etiquetas, Sea el primero en etiquetar este registro!
LEADER 02154nam a22003975a 4500
001 CEM.cems009956
005 20080228083853.0
008 130507s1998##################000#0#####d
003 CEMS
020 |a 9507014233 
082 0 4 |a Z302 
100 1 |a Alonso, María Ernestina 
245 1 0 |a Ciencias sociales: américa en el mundo contemporáneo /  |c María Ernestina Alonso ... [et Al.] 
250 |a 2a. ed. 
260 |a Buenos Aires :  |b Aique ,  |c 1998 
300 |a 255 p. 
490 0 |a Sociedades y territorios en cambio 
500 |a Para 7° año Egb 
505 0 |a Las sociedades americanas y sus problemas -- Las condiciones naturales y los problemas ambientales en América -- La transición del feudalismo al capitalismo -- Los orígenes de la sociedad capitalista y la crisis del dominio colonial en América -- Hacia la consolidación del capitalismo -- Dinámica demográfica, trabajo y calidad de vida en América -- Las actividades primarias y el espacio rural americano -- El espacio urbano y las actividades industriales en América -- Estado, sociedad y territorio en América latina. 
653 |a Ciencias sociales-7° egb 
653 |a América 
653 |a Geografía américa 
653 |a Historia américa 
700 1 |a Elisalde, Roberto 
700 1 |a Vázquez, Enrique 
700 1 |a Blanco, Jorge 
859 |a CEMS  |b BIB. CEMS - 11 de abril  |h Z302  |i AL64  |p 20329.99  |t Ej.1  |v 7º  |3 7º 
859 |a CEMS  |b BIB. CEMS - 11 de abril  |h Z302  |i AL64  |p 20398.99  |t Ej.2  |v 7º  |3 7º 
859 |a CEMS  |b BIB. CEMS - 11 de abril  |h Z302  |i AL64  |p 20400.99  |t Ej.4  |v 7º  |3 7º 
859 |a CEMS  |b BIB. CEMS - 11 de abril  |h Z302  |i AL64  |p 20401.99  |t Ej.5  |v 7º  |3 7º 
859 |a CEMS  |b BIB. CEMS - 11 de abril  |h Z302  |i AL64  |p 20402.99  |t Ej.6  |v 7º  |3 7º 
859 |a CEMS  |b BIB. CEMS - 11 de abril  |h Z302  |i AL64  |p 20403.99  |t Ej.7  |v 7º  |3 7º 
859 |a CEMS  |b BIB. CEMS - 11 de abril  |h Z302  |i AL64  |p 20498.99  |t Ej.8  |v 7º  |3 7º 
859 |a CEMS  |b BIB. CEMS - 11 de abril  |h Z302  |i AL64  |p 20499.99  |t Ej.9  |v 7º  |3 7º 
859 |a CEMS  |b BIB. CEMS - 11 de abril  |h Z302  |i AL64  |p 20524.99  |t Ej.11  |v 7º  |3 7º 
859 |a CEMS  |b BIB. CEMS - 11 de abril  |h Z302  |i AL64  |p 20525.99  |t Ej.12  |v 7º  |3 7º